| 000 | 00967nam a22002177a 4500 | ||
|---|---|---|---|
| 003 | OSt | ||
| 005 | 20250916090355.0 | ||
| 008 | 240228b ||||| |||| 00| 0 eng d | ||
| 040 | _c0 | ||
| 082 | _aDPer 621.317 Ie21 June 2022 v. 37 n. 6 | ||
| 100 |
_aSun, Chuan. _eauthor. _953536 |
||
| 245 |
_aTotal suppression of high-frequency transient oscillations in dual-active-bridge series-resonant converter by trajectory-switching modulation / _cChuan Sun, Xingyue Jiang, Lingling Cao, and K. H. Loo. |
||
| 260 |
_aNew York ; _bThe Institute of Electrical and Electronics Engineers, Inc. , _cJune 2022. |
||
| 300 |
_aVolume 37, pages 6511-6529 : _billustration ; _c29 cm. |
||
| 500 | _aIEEE Transactions on Power Electronics, vol. 37, no. 6, pages 6511-6529, June 2022. | ||
| 700 |
_aSun, Chuan. _eauthor. _953536 |
||
| 700 |
_aJiang, Xingyue. _eauthor. _953537 |
||
| 700 |
_aCao, Lingling. _eauthor. _953538 |
||
| 700 |
_aLoo, K. H. _eauthor. _953539 |
||
| 942 |
_2ddc _cPER |
||
| 999 |
_c19405 _d19405 |
||